| 000 | 01043nas a2200313 4500 | ||
|---|---|---|---|
| 001 | BR2017000144 | ||
| 003 | BR-BrBNA | ||
| 005 | 20231205130815.0 | ||
| 007 | ta | ||
| 008 | 230509b bl.|||p| |||| 00| 00por d | ||
| 040 |
_aBR-BrBNA _bpor _cBiblioteca Nacional de Agricultura |
||
| 041 | _a(Pt) | ||
| 072 | _aK10; P33 | ||
| 100 | 1 | _aCalgaro, H.F. | |
| 100 | 1 | _aBuzetti, S. | |
| 100 | 1 | _aSilva, L.R. | |
| 100 | 1 | _aStefanini, L. | |
| 100 | 1 | _aMiranda, L.P.M. de | |
| 100 | 1 | _aMorais, M.A. de | |
| 100 | 1 | _aMorais, M.L.T. | |
| 245 | 1 | _aDistribuição natural de espécies arbóreas em áreas com diferentes níveis de antropização e relação com os atributos químicos do solo | |
| 650 | _aVEGETAÇÃO | ||
| 650 | _aFERTILIDADE DO SOLO | ||
| 650 | _aSILVICULTURA | ||
| 773 | 0 |
_tRevista Árvore (Brazil) _xISSN 1806-9088 _g(Mar-Apr 2015), v. 39(2) p. 233-243 _wBR2017000144 |
|
| 856 | 4 | 0 | _uhttp://www.scielo.br/pdf/rarv/v39n2/0100-6762-rarv-39-02-0233.pdf |
| 909 |
_a202311 _bLúcia _c55 _dLúcia Elande |
||
| 942 |
_2AGRIS _n0 _cANA |
||
| 999 |
_c251370 _d251370 |
||